Datum a čas kvízu
22
Celkem bodů
Celkový počet nahraných bodů na tomto kvízu bez doplňovacích otázek.
12.
Pořadí na kvízu
Konečné umístění týmu na tomto kvízu.
Zaznamenané odpovědi
| # | Otázka | Odpověď | Body | Výsledky |
|---|---|---|---|---|
| 1. | Minulý týden se satelitní sním... | srdce | 0 | |
| 2. | 56letá evropská politička byla... | Marine Le Pen | 0 | |
| 3. | Jak zní křestní jméno novoroze... | Arnold, třetí potomek | 1 | |
| 4. | Ministerstvo dopravy schválilo... | D99 | 0 | |
| 5. | Atmosféra mezi istanbulskými k... | José Mourinho | 0 | |
| 6. | Miminkovské téma začněme u pro... | D | 1 | |
| 7. | U prvního miminka nás může pře... | smolka | 0 | |
| 8. | Ideálně do pár hodin po porodu... | vitamín K | 0 | |
| 9. | Pro klidný spánek miminka může... | bílý šum | 1 | |
| 10. | Ve které síti drogerií nakoupí... | Rossmann | 0 |